| 000 | 00542nam a2200181Ia 4500 | ||
|---|---|---|---|
| 999 |
_c32637 _d32637 |
||
| 003 | OSt | ||
| 005 | 20201014113709.0 | ||
| 008 | 190216s9999||||xx |||||||||||||| ||und|| | ||
| 020 | _a9788178795560 | ||
| 040 | _coclc | ||
| 082 |
_a613.7 _bRAM/B |
||
| 100 |
_aRaman, Briz Mohan T _95705 |
||
| 245 | 0 |
_aBiological Basis Of Physical Education / _cBriz Mohan T Raman |
|
| 260 |
_bSports Publication, _c2009. _aNew Delhi: |
||
| 300 | _a211p | ||
| 650 | _aPhysical Education | ||
| 942 |
_cBK _2ddc _h613.7 _iRAM/B _k613.7 _mRAM/B |
||